Equipe cycliste DECATHLON CMA CGM 2026 - Statistiques

Statistiques générales
  • Ce quiz a été pris 19 fois
  • Le résultat moyen est 14 sur 28
Statistiques - réponses
PAYS NOM % Correct
FRANCE SEIXAS PAUL
100%
PAYS BAS KOOIJ OLAV
83%
FRANCE LAPEIRA PAUL
83%
FRANCE PARET - PEINTRE AURELIEN
75%
PAYS BAS BOL CEES
67%
USA RICCITELLO MATTHEW
67%
DANEMARK ANDRESEN LUND TOBIAS
58%
SUISSE BISSEGGER STEFAN
58%
AUTRICHE GALL FELIX
58%
BELGIQUE NAESEN OLIVER
58%
FRANCE PRODHOMME NICOLAS
58%
BELGIQUE BENOOT TIESJ
50%
PAYS BAS HOOLE DAAN
50%
FRANCE ISIDORE NOA
50%
FRANCE LABROSSE JORDAN
50%
AUTRICHE MUHLBERGER GREGOR
50%
NORVEGE GUDMESTAD TORD
42%
FRANCE L'HOTE ANTOINE
42%
AUSTRALIE SCOTSON CALLUM
42%
NORVEGE STAUNE-MITTET JOHANNES
42%
FRANCE BISIAUX LEO
33%
AUSTRALIE CHAMBERLAIN OSCAR
33%
BELGIQUE DE PESTEL SANDER
33%
DANEMARK PEDERSEN RASMUS SOJBERG
33%
BELGIQUE DEWULF STAN
25%
FRANCE GAUTHERAT PIERRE
25%
BELGIQUE POLLEFLIET GIANLUCA
25%
BELGIQUE GHYS ROBBE
17%
Aucun quiz correspondant
Distribution des résultats
% des personnes avec chaque résultat
Percentile par nombre de réponses
Votre historique - résultats
Vous n’avez pas pris ce quiz